| 000 | 00925nam a22002895i 4500 | ||
|---|---|---|---|
| 001 | 11482 | ||
| 003 | ES-MaACL | ||
| 005 | 20230906150117.0 | ||
| 007 | t| | ||
| 008 | 950525s1994 sp ||||0| spa j | ||
| 020 | _a84-7100-613-8 | ||
| 040 |
_aM-BN _bspa _cM-BN |
||
| 080 | _a930.85(=924:460=927) | ||
| 080 | _a930.85(=924:6-17) | ||
| 100 | 1 |
_aZafrani, Haïm. _9117837 |
|
| 245 | 1 | 4 |
_aLos judíos del occidente musulmán _b: Al-Andalus y el Magreb / _cHaim Zafrani ; [traducción, Malika Embareg]. |
| 260 |
_aMadrid : _bMAPFRE, _cD.L. 1994. |
||
| 300 |
_a440 p ; _c23 cm. |
||
| 490 | 1 |
_aColección El Magreb ; _v13 |
|
| 500 | _aIndice. | ||
| 650 | 4 |
_aJudíos- _xCivilización- _zAl-Andalus. _913979 |
|
| 650 | 1 | 4 |
_aJudíos- _xCivilización- _zMagreb. _913980 |
| 700 | 1 |
_aEmbarek, Malika. _947136 |
|
| 830 | 0 |
_aColección El Magreb ; _v13 _9178985 |
|
| 852 |
_aES-MaACL _jL-18807 _bR.124201 |
||
| 999 |
_c11482 _d11482 |
||